00711nam a2200181 a 450000100100000000500170001000800410002704000250006808200180009310000420011124500820015326000360023530000280027150000730029950000630037250400320043565000620046700000581820200929151810.0090824s1984 dr 000 0 spa d aDO-SdBNPbspacBNPHU a336.24bH565m1 aHerrera Morla, Miguel Ángel,d1968-10aManual práctico de impuesto sobre la renta /cMiguel Ángel Herrera Morla. aSanto Domingo :bTaller,c1984. a264 p. :bil. ;c23 cm. aIncluye referencias bibliográficas y notas al pie de las páginas aIncluye datos biográficos del autor en la contracubierta aBibliografía : P. 255-258 4aImpuesto sobre la rentazRepública DominicanavMANUALES